Responses for show #852 - Tuesday, April 26, 1988

Missing first 17 clues.

Contestants

[<< previous game]

Liz, from

Scott, from

Blaze Newman, a teacher from Encinitas, California (whose 1-day cash winnings total $3,400)

[next game >>]

Jeopardy! Round responses

FLAGS
FASHION
POTPOURRI
MAMMALS
SPIRITUAL SONGS
ENDS WITH "A"
    $100 25
the Red Cross flag

Triple Stumper
    $100 1
=

Triple Stumper
    $100 6
=

Triple Stumper
    $100 10
=

Triple Stumper
    $100 20
(Liz: What is the Mississippi?)

Jordan

Liz
Triple Stumper
    $100 15
=

Triple Stumper
    $200 26
yellow

Liz
    $200 2
=

Triple Stumper
    $200 7
=

Scott
    $200 11
=

Triple Stumper
    $200 21
Abraham

Scott
    $200 16
=

Triple Stumper
    $300 3
=

Blaze
    $300 8
=

Triple Stumper
    $300 12
=

Triple Stumper
    $300 22
that old time religion

Blaze
    $300 17
=

Scott
    $400 4
(L)

=

Liz
Triple Stumper
    $400 9
=

Triple Stumper
    $400 13
=

Triple Stumper
    $400 23
"Let My People Go" ("Go Down Moses")

Triple Stumper
    $400 18
Caligula

Blaze
    $500 5
=

Scott
    $500 27
(Scott: What are the intestines?)

alimentary canal

BlazeScott
    $500 14
=

Triple Stumper
    $500 24
"The Old Rugged Cross"

Triple Stumper
    $500 19
(Alex: All of them as a matter of fact end in "a" except for the Mohawk.)

Seneca

Blaze

Scores at the first commercial break (after clue 15):

Blaze Scott Liz
$300 $700 -$400

Scores at the end of the Jeopardy! Round:

Blaze Scott Liz
$2,000 $700 -$300

Double Jeopardy! Round responses

U.S.CITIES
SHORT STORIES
DYNASTIES
MOVIE DANCERS
WINE
STARTS WITH "Z"
    $200 25
Hoover Dam

Scott
    $200 6
hanging

Blaze
    $200 12
Vietnam

Liz
    $200 3
Clark Gable

Blaze
    $200 9
claustrophobia

Blaze
    $200 19
zucchini

Scott
    $400 18
San Antonio

Blaze
    $400 7
Woody Allen

Blaze
    $400 16
Tudor

Liz
    $400 2
Donald O'Connor

Blaze
    $400 20
Jacques Cousteau

Blaze
    $400 21
Zeppelin

Blaze
    $600 8
"The Lottery"

Scott
    $600 13
(Liz: What is Sweden & Denmark?)

Denmark & Norway

Liz
Triple Stumper
    $600 1
(Blaze: Uh, who is Rudolph Valentino?)
(Liz: Who is Greco?)

Rudolf Nureyev

BlazeLiz
Triple Stumper
    $600 24
sherry

Blaze
    $600 22
Zanzibar

Triple Stumper
    $1,000 17
(Liz: [after 7 seconds] What is [*]?)
(Alex: No, sorry. What is..Oh, I'm, no, sorry, yes, you're right.)
[laughter & applause.]
(Alex: I apologize, Liz. I fell asleep.)

Los Angeles

Liz
    $800 10
cafe or restaurant

Blaze
    $800 14
Khan

Triple Stumper
    $800 4
Leslie Caron

Blaze
    $800 26
(Alex: We've got a minute to go.)

legs

Scott
    $800 23
zoot suits

Scott
    $1000 11
Walter Mitty

Blaze
    $1000 15
Romanov

Liz
    $1000 5
Christopher Walken

Blaze
    $2,000 27
(Scott: What is flask?)
(Alex: Oh, you didn't give me the Italian name. What is a [*]?)

fiasco

Scott
    $1000 28
zebus

Triple Stumper

Scores at the end of the Double Jeopardy! Round:

Blaze Scott Liz
$8,200 $1,300 $1,100
(lock game)

[wagering suggestions for these scores]

Final Jeopardy! Round responses

PRESIDENTS
LizWho was Harry S. Truman
$1,099
ScottWho is Gerald Ford
$900
BlazeWho is Ford?
$3,000
(1 of) Gerald Ford or Calvin Coolidge

Final scores:

Blaze Scott Liz
$11,200 $2,200 $1
2-day champion: $14,600 2nd place: trip on Eastern to Tampa Bay & stay at Safety Harbor Spa & Fitness + Jeopardy! box game 3rd place: Maytag washer & dryer + Jeopardy! box game

Game dynamics:

Coryat scores:

Blaze Scott Liz
$8,200 $3,300 $900
18 R,
1 W
9 R,
2 W
(including 1 DD)
5 R
(including 1 DD),
4 W

Combined Coryat: $12,400

The J! Archive is created by fans, for fans. The Jeopardy! game show and all elements thereof, including but not limited to copyright and trademark thereto, are the property of Jeopardy Productions, Inc. and are protected under law. This website is not affiliated with, sponsored by, or operated by Jeopardy Productions, Inc. Join the discussion at JBoard.tv.